| 000 -LEADER |
| fixed length control field |
00908nam a22002177a 4500 |
| 001 - CONTROL NUMBER |
| control field |
19317 |
| 003 - CONTROL NUMBER IDENTIFIER |
| control field |
BD-DhUAP |
| 005 - DATE AND TIME OF LATEST TRANSACTION |
| control field |
20200316163956.0 |
| 008 - FIXED-LENGTH DATA ELEMENTS--GENERAL INFORMATION |
| fixed length control field |
200316r20111990 ||||| b||| 00| 0 eng d |
| 020 ## - INTERNATIONAL STANDARD BOOK NUMBER |
| International Standard Book Number |
9840749374 |
| 040 ## - CATALOGING SOURCE |
| Original cataloging agency |
BD-DhUAP |
| Language of cataloging |
Bangla |
| Transcribing agency |
BD-DhUAP |
| Modifying agency |
BD-DhUAP |
| 082 ## - DEWEY DECIMAL CLASSIFICATION NUMBER |
| Edition number |
23 |
| Classification number |
491.4403 BIS |
| 100 ## - MAIN ENTRY--PERSONAL NAME |
| Personal name |
বিশ্বাস, নরেন। |
| 245 ## - TITLE STATEMENT |
| Title |
বাংলা একাডেমী বাঙলা উচ্চারণ অভিধান / |
| Statement of responsibility, etc. |
নরেন বিশ্বাস। |
| 250 ## - EDITION STATEMENT |
| Edition statement |
২য় সং.। |
| 260 ## - PUBLICATION, DISTRIBUTION, ETC. |
| Place of publication, distribution, etc. |
ঢাকা : |
| Name of publisher, distributor, etc. |
বাংলা একাডেমী, |
| Date of publication, distribution, etc. |
c১৯৯০ [পুনর্মুদ্রণ ২০১১]। |
| 300 ## - PHYSICAL DESCRIPTION |
| Extent |
[৪৮], ৫৪৬ পৃষ্ঠা ; |
| Dimensions |
২২ সে.মি.। |
| 504 ## - BIBLIOGRAPHY, ETC. NOTE |
| Bibliography, etc. note |
গ্রন্থপঞ্জী সম্বলিত। |
| 650 ## - SUBJECT ADDED ENTRY--TOPICAL TERM |
| Topical term or geographic name entry element |
বাংলা অভিধান। |
| 942 ## - ADDED ENTRY ELEMENTS (KOHA) |
| Source of classification or shelving scheme |
|
| Koha item type |
Book |